| 000 | 01098cam a2200337 i 4500 | ||
|---|---|---|---|
| 001 | 26552 | ||
| 003 | Mx-PuUPA | ||
| 005 | 20260314104301.0 | ||
| 008 | 140415s1999 sp gr 000 0 spa d | ||
| 017 | _aNA 600-1999 | ||
| 020 | _a8431316772 | ||
| 040 |
_cMx-PuUPA _aMx-PuUPA _bspa _dMx-PuUPA _erda |
||
| 041 | 0 | _aspa | |
| 100 | 1 |
_aGuerra, Manuel, _eautor _917916 |
|
| 245 | 1 | 3 |
_aEl enigma del hombre : _bde la antropología a la religión / _cManuel Guerra |
| 250 |
_aTercera edición / _bcorregida y ampliada |
||
| 264 | 1 |
_aNavarra, España : _bEUNSA, _c©1999 |
|
| 300 |
_a407 páginas ; _c18 cm |
||
| 336 |
_2rdacontent _atexto _btxt |
||
| 337 |
_2rdamedia _asin medio _bn |
||
| 338 |
_2rdacarrier _avolumen _bnc |
||
| 490 | 0 | _aFilosofía | |
| 650 | 7 |
_2armarc _aAntropología filosófica |
|
| 650 | 7 |
_2armarc _aAntropología teológica |
|
| 650 | 7 |
_2armarc _aAntropología fenomenológica |
|
| 650 | 7 |
_2armarc _aHombre _xEvolución _xFilosofía |
|
| 650 | 7 |
_2armarc _aReligión _xFilosofía |
|
| 942 |
_2ddc _cLI _h128 _iG24 |
||
| 999 |
_c26552 _d26552 |
||